Frontera
Saved in:
| Hovedforfatter: | |
|---|---|
| Format: | Bog |
| Sprog: | spansk |
| Udgivet: |
Santiago
Andrés Bello
1981
|
| Serier: | Biblioteca Andrés Bello, 31
|
| Fag: | |
| Tags: |
Tilføj Tag
Ingen Tags, Vær først til at tagge denne postø!
|
MARC
| LEADER | 00000cam a2200000 a 4500 | ||
|---|---|---|---|
| 001 | UCQ2294 | ||
| 003 | CL-VaPUC | ||
| 008 | 980724e19810000CL |||||||||||||||||spa|d | ||
| 082 | 0 | 4 | |a Ch863 |b DUR |2 21 |
| 100 | 0 | |a Durand, Luis |e author |9 360229 | |
| 245 | 1 | 0 | |a Frontera |
| 300 | |a 437 p | ||
| 942 | |c BK | ||
| 945 | |d 19980724 00:00:00 |a lriquelm | ||
| 260 | |a Santiago |b Andrés Bello |c 1981 | ||
| 650 | 0 | |a Novelas chilenas |9 265425 | |
| 650 | 0 | |a Literatura chilena |9 308278 | |
| 583 | |a last modification |c 20150924 21:40:38 |k Rodrigo Vera | ||
| 490 | 0 | |a Biblioteca Andrés Bello, 31 | |
| 999 | |c 273128 |d 273126 | ||
| 952 | |0 0 |1 0 |4 0 |6 CH_863_000000000000000_DUR_1981 |7 0 |8 A |9 308462 |a BIBEDU |b BIBEDU |c ES_NOD |d 2019-11-20 |i 1444719 |o Ch863 DUR 1981 |p 1444719 |r 2023-08-09 |w 2019-11-20 |y BK |k LIT | ||